Pocket companion to Guyton and Hall text book of Medical Physiology (Record no. 10443)

MARC details
000 -LEADER
fixed length control field 00444nam a22001697a 4500
003 - CONTROL NUMBER IDENTIFIER
control field OSt
008 - FIXED-LENGTH DATA ELEMENTS--GENERAL INFORMATION
fixed length control field 210210b ||||| |||| 00| 0 eng d
020 ## - INTERNATIONAL STANDARD BOOK NUMBER
International Standard Book Number 9788131262979
100 ## - MAIN ENTRY--PERSONAL NAME
Personal name HALL,John E
245 ## - TITLE STATEMENT
Title Pocket companion to Guyton and Hall text book of Medical Physiology
250 ## - EDITION STATEMENT
Edition statement 14th
260 ## - PUBLICATION, DISTRIBUTION, ETC. (IMPRINT)
Place of publication, distribution, etc New Delhi
Name of publisher, distributor, etc Elsevier
300 ## - PHYSICAL DESCRIPTION
Extent 721
650 ## - SUBJECT ADDED ENTRY--TOPICAL TERM
Topical term or geographic name as entry element Human Anatomy and Physiology
700 ## - ADDED ENTRY--PERSONAL NAME
Personal name HALL,Michael E
942 ## - ADDED ENTRY ELEMENTS (KOHA)
Source of classification or shelving scheme Dewey Decimal Classification
Koha item type Text Books
Holdings
Withdrawn status Lost status Source of classification or shelving scheme Damaged status Not for loan Collection code Home library Current library Date acquired Source of acquisition Currency Cost, normal purchase price Bill Number Total Checkouts Full call number Acc. no. / Barcode Date last seen Date last borrowed Actual Cost, discounted price Bill Date Koha item type
    Dewey Decimal Classification     B.Pharma PIET C-LIBRARY PIET C-LIBRARY 02/02/2021 Kirti Praskshan IN Rupees 997.50 IN1456 2 612 HAP BP1538 01/12/2021 17/11/2021 688.25 02/02/2021 Text Books
    Dewey Decimal Classification     B.Pharma PIET C-LIBRARY PIET C-LIBRARY 02/02/2021 Kirti Praskshan IN Rupees 997.50 IN1456 1 612 HAP BP1539 02/12/2021 17/11/2021 688.25 02/02/2021 Text Books
    Dewey Decimal Classification     B.Pharma PIET C-LIBRARY PIET C-LIBRARY 16/02/2021 Kirti Praskshan IN Rupees 785.00 IN1609 2 612 HAP BP1619 17/12/2021 01/12/2021 549.50 16/02/2021 Text Books
    Dewey Decimal Classification     B.Pharma PIET C-LIBRARY PIET C-LIBRARY 16/02/2021 Kirti Praskshan IN Rupees 785.00 IN1609 5 612 HAP BP1620 14/10/2024 01/10/2024 549.50 16/02/2021 Text Books

Design & Developed by: PIET Central Library
R70 Miles Stone Pattikalyana Samalkha Panipat 132102
mail ID :- [email protected], Phone No:- 0180-2569700 Ex.216